Library Banner

Warehouse management system (Record no. 38810)

MARC details
000 -LEADER
fixed length control field 00467nam a2200169Ia 4500
001 - CONTROL NUMBER
control field 39502
008 - FIXED-LENGTH DATA ELEMENTS--GENERAL INFORMATION
fixed length control field 140423s9999 xx 000 0 und d
020 ## - INTERNATIONAL STANDARD BOOK NUMBER
International Standard Book Number 8131405885
040 ## - CATALOGING SOURCE
Transcribing agency PK-LaUMT
082 ## - DEWEY DECIMAL CLASSIFICATION NUMBER
Classification number 658.785
Item number WAR-
100 ## - MAIN ENTRY--PERSONAL NAME
Personal name Krishna, S. Jaya
245 ## - TITLE STATEMENT
Title Warehouse management system
Remainder of title enchancing the supply chain management
Statement of responsibility, etc Krishna, S. Jaya
260 ## - PUBLICATION, DISTRIBUTION, ETC. (IMPRINT)
Place of publication, distribution, etc Hyderabad,India:
Name of publisher, distributor, etc The Icfai University,
Date of publication, distribution, etc 2006
300 ## - PHYSICAL DESCRIPTION
Extent 203 p.
546 ## - LANGUAGE NOTE
Language note EN
942 ## - ADDED ENTRY ELEMENTS (KOHA)
Koha item type Books
Holdings
Withdrawn status Lost status Damaged status Not for loan Home library Current library Date acquired Total Checkouts Full call number Barcode Date last seen Price effective from Koha item type
        UMT Main Campus UMT Main Campus 2014-04-23   658.785 WAR- 42571 2014-05-05 2014-05-05 Books